[Event "GER-ch U25 op"]
[White "Zikeli, Julia"]
[Black "Swalve, Tilko"]
[Site "Willingen"]
[Round "2"]
[Result "0-1"]
[Date "2004.05.30"]
[WhiteElo "1534"]
[BlackElo "1282"]
[PlyCount "94"]
[EventDate "2004.05.30"]
[EventType "swiss"]
[EventRounds "9"]
[EventCountry "GER"]
[SourceTitle "EXT 2005"]
[Source "ChessBase"]
[SourceDate "2004.11.15"]
[SourceVersion "1"]
[SourceVersionDate "2004.11.15"]
[SourceQuality "1"]

1. e4 c5 2. Nf3 d6 3. d4 cxd4 4. Nxd4 Nf6 5. Nc3 a6 6. Bg5 Nbd7 7. f4 e6 8. Qf3 Qc7 9. Be2 Be7 10. 0-0-0 b5 11. a3 Bb7 12. Nb3 Rc8 13. Rd2 d5 14. exd5 Nxd5 15. Bxe7 Nxf4 16. Bd6 Bxf3 17. Bxc7 Nxe2+ 18. Nxe2 Bxe2 19. Rxe2 Rxc7 20. Rd1 Ke7 21. Red2 Rhc8 22. Nd4 Ne5 23. Re2 f6 24. c3 Rd7 25. Kc2 Rd6 26. b3 g6 27. Rdd2 Nc6 28. Nxc6+ Rcxc6 29. Rxd6 Rxd6 30. Re4 g5 31. Re3 Kf7 32. c4 f5 33. c5 Rc6 34. b4 Kf6 35. Kb3 e5 36. Kc3 f4 37. Re4 Kf5 38. Kd3 h5 39. h3 g4 40. hxg4+ hxg4 41. Re2 Re6 42. Rf2 e4+ 43. Ke2 g3 44. Rf1 Kg4 45. Ke1 f3 46. gxf3+ exf3+ 47. Kd2 g2 0-1

[Event "GER-ch Lands U20"]
[White "Zikeli, Julia"]
[Black "Anton, Florian"]
[Site "Kassel"]
[Round "7.8"]
[Result "1-0"]
[Date "2003.10.23"]
[WhiteElo "1466"]
[BlackElo "890"]
[PlyCount "93"]
[EventDate "2003.10.19"]
[EventType "team-tourn"]
[EventRounds "7"]
[EventCountry "GER"]
[SourceTitle "EXT 2004"]
[Source "ChessBase"]
[SourceDate "2003.11.25"]
[SourceVersion "1"]
[SourceVersionDate "2003.11.25"]
[SourceQuality "1"]

1. e4 e5 2. Nf3 Nf6 3. Nxe5 Qe7 4. Nf3 Nxe4 5. Be2 Nc6 6. 0-0 Qc5 7. d4 Qf5 8. Bd3 d5 9. c4 dxc4 10. Bxe4 Qb5 11. Nc3 Qh5 12. Re1 Be6 13. Qa4 Bd6 14. d5 0-0 15. dxe6 fxe6 16. h3 Ne5 17. Nxe5 Bxe5 18. Qxc4 Rae8 19. Qe2 Qxe2 20. Rxe2 Bd4 21. Be3 e5 22. Rae1 c6 23. Bxd4 exd4 24. Bxh7+ Kf7 25. Rxe8 Rxe8 26. Rxe8 Kxe8 27. Ne2 Kf7 28. Be4 c5 29. Bxb7 d3 30. Nc3 Ke6 31. Kf1 Ke5 32. Ke1 Kd4 33. Kd2 c4 34. Nb5+ Kc5 35. Nc3 Kb4 36. g4 a5 37. h4 a4 38. h5 a3 39. bxa3+ Kxa3 40. g5 Kb2 41. h6 gxh6 42. gxh6 Ka1 43. h7 Kb2 44. h8Q Ka1 45. Na4+ c3+ 46. Qxc3+ Kxa2 47. Qb2# 1-0

[Event "GER-ch Lands U20"]
[White "Zikeli, Julia"]
[Black "Van Orsouw, Svenja"]
[Site "Kassel"]
[Round "4.8"]
[Result "0-1"]
[Date "2003.10.21"]
[WhiteElo "1466"]
[BlackElo "1313"]
[PlyCount "78"]
[EventDate "2003.10.19"]
[EventType "team-tourn"]
[EventRounds "7"]
[EventCountry "GER"]
[SourceTitle "EXT 2004"]
[Source "ChessBase"]
[SourceDate "2003.11.25"]
[SourceVersion "1"]
[SourceVersionDate "2003.11.25"]
[SourceQuality "1"]

1. e4 c5 2. Nf3 Nc6 3. d4 cxd4 4. Nxd4 e5 5. Nf3 d6 6. Nc3 Nf6 7. Bg5 Be6 8. Bb5 Be7 9. 0-0 0-0 10. Qd2 Qc7 11. Rad1 Rad8 12. Bxf6 Bxf6 13. Nd5 Bxd5 14. exd5 Ne7 15. Ba4 Ng6 16. Rfe1 Be7 17. Rc1 f5 18. c4 Qb8 19. b4 Rc8 20. Rc2 h6 21. Rec1 e4 22. Nd4 Bg5 23. Qe1 Bxc1 24. Qxc1 b6 25. Ne6 Rf7 26. Bc6 Ne5 27. Bb5 Nd3 28. Qa3 g5 29. Ba6 Re8 30. c5 bxc5 31. Bxd3 exd3 32. Rb2 c4 33. Qc3 Rc8 34. Nd4 Qb7 35. Nc6 Qb5 36. Qd4 Re8 37. h3 Re2 38. Rxe2 dxe2 39. Qe3 Qxd5 0-1

[Event "Hohenloher op 10th"]
[White "Dimitrijevic, Slobodan"]
[Black "Zikeli, Julia"]
[Site "Forchtenberg"]
[Round "7"]
[Result "1/2-1/2"]
[Date "2003.06.22"]
[WhiteElo "1662"]
[BlackElo "1206"]
[PlyCount "26"]
[EventDate "2003.06.19"]
[EventType "swiss"]
[EventRounds "7"]
[EventCountry "GER"]
[SourceTitle "EXT 2004"]
[Source "ChessBase"]
[SourceDate "2003.11.25"]
[SourceVersion "1"]
[SourceVersionDate "2003.11.25"]
[SourceQuality "1"]

1. e4 e6 2. d4 d5 3. e5 c5 4. c3 Nc6 5. dxc5 Bxc5 6. Nf3 Nge7 7. Bd3 h6 8. 0-0 0-0 9. Bf4 Bd7 10. Qd2 f5 11. exf6 Rxf6 12. Ne5 Bd6 13. Nxc6 Bxc6 1/2-1/2